000 00655nam a22002177a 4500
005 20260701115948.0
020 _a9788131711316
041 _aENG
082 _a658.5
_bKRA
100 _aKrajewski, Lee J.
245 _aOperations management :
_bprocess and value chain /
_cLee J. Krajewski, Larry P. Ritzman, Manoj K. Malhotra,
250 _a8 th edition.
260 _aNew Delhi :
_bPearson ,
_c2008.
300 _axv, 738 page :
_billustrations ;
_c24 cm.
505 _aIncludes index.
650 _aProduction management.
650 _aOperations management.
700 _aRitzman, Larry P.
700 _aMalhotra, Manoj K.
942 _2ddc
_cBK
999 _c24366
_d24366